000 01000naa a22002777a 4500
001 BR9510942
003 BR-BrBNA
005 20240918181451.0
007 ta
008 230509b bl.||||| |||| 00| 0 por d
040 _aBR-BrBNA
_bpor
_cBiblioteca Nacional de Agricultura
041 _a(Pt)
072 _aJ10; E10
090 _aJ10 BR9510942
100 1 _aPuzzi, D.
111 1 _a1. Seminario Nacional de Armazenagem
_cPorto Alegre, RS (Brazil)
_d19-22 Aug 1974
245 1 _aSubsidios para uma politica nacional de armazenamento de graos
260 3 _aPorto Alegre, RS (Brasil):
_c1974.
500 _a1. Seminario Nacional de Armazenagem. Anais Porto Alegre, RS (Brasil): 1974. p. 155-167 (BR9510942-AM)J10
650 _aArmazenamento
650 _aEstoque Regulador
650 _aPolitica Nacional
773 0 _t1. Seminario Nacional de Armazenagem. Anais
_wJ10 BR9510942
_gPorto Alegre, RS (Brasil), 1974. p. 155-167
909 _a202404
_bLucia
_c55
_dLucia Elande
942 _cAM
_2AGRIS
999 _c325383
_d325383